000 00806nam a2200241Ia 4500
003 OSt
005 20220923212651.0
006 a|||||r|||| 00| 0
007 ta
008 220922b |||||||| |||| 00| 0 hin d
024 _a155,071
037 _cTextual
040 _aARTS
_cARTS
_bhin
041 _2hin
_ahin
082 _aO15,1A2:g(R4), 152M6
100 _aअनेजा, हरिवंश
_9156318
245 0 _aशन्तिपर्व में नैतिक मूल्य
246 _aShantiparva mean naitik mūlya
260 _aनयी दिल्ली
_b कादम्बरी प्रकाशन
_c1986
300 _a152 पृ.
_ccm.
942 _hO15,1A2:g(R4), 152M6
_cTEXL
_2CC
999 _c310646
_d310646